Państwa z największą ilością imigrantów z Izraela - Statystyki

Ogólne statystyki
  • Ten quiz został rozwiązany 2 991 razy
  • Średni wynik to 12 z 20
Statystyki odpowiedzi
# Państwo % Poprawnych
343,718 Polska
95%
101,394 Stany Zjednoczone
95%
72,869 Niemcy
94%
52,384 Francja
89%
33,749 Wielka Brytania
81%
71,102 Turcja
79%
37,789 Egipt | Sudan
77%
84,107 Iran
63%
130,994 Irak
62%
317,691 Rumunia
52%
42,365 Węgry
50%
51,429 Bułgaria
45%
36,811 Libia
45%
271,693 Maroko
43%
60,169 Argentyna
40%
55,996 Tunezja
37%
67,243 Jemen
35%
1,261,589 Związek Radziecki
35%
91,288 Erytrea | Etiopia
29%
41,213 Czechosłowacja
25%
Nie znaleziono quizów pasujących do podanych kryteriów
Rozkład punktacji
Procent ludzi z każdym wynikiem
Percentyl według liczby udzielonych odpowiedzi
Twoja historia wyników
Nie rozwiązałeś tego quizu